Diseño de un convertidor DC DC bidireccional y modelo del sistema de control
Enregistré dans:
| Auteur principal: | |
|---|---|
| Autres auteurs: | |
| Format: | Livre |
| Langue: | Spanish |
| Publié: |
[San José ], Costa Rica
2015
|
| Sujets: | |
| Tags: |
Ajouter un tag
Pas de tags, Soyez le premier à ajouter un tag!
|
MARC
| LEADER | 00000nam a22000007a 4500 | ||
|---|---|---|---|
| 003 | 012712 | ||
| 005 | 20231128111724.0 | ||
| 008 | 171009b2015 cr a|||| |m|| 00| ||spa d | ||
| 040 | |c cru CEDI | ||
| 090 | |a TFG 7863 | ||
| 100 | |a Ramírez Rosales, Luis Alejandro, 1993- |9 1899 | ||
| 245 | |a Diseño de un convertidor DC DC bidireccional y modelo del sistema de control | ||
| 260 | |a [San José ], Costa Rica |c 2015 | ||
| 300 | |a xiv, 73 hojas, ilustraciones | ||
| 500 | |a "IE-0499 Proyecto eléctrico”, Proyecto de graduación (bachillerato en ingeniería eléctrica)--Universidad de Costa Rica. Facultad de Ingeniería. Escuela de Ingeniería Eléctrica | ||
| 501 | |a Profesor Guía de IE-0499 Proyecto Eléctrico: M.Sc. Juan Manuel Arteaga | ||
| 650 | |x CONVERTIDORES DE CORRIENTE ELECTRICA |x INGENIERÍA ELÉCTRICA |x CIRCUITOS ELECTRONICOS |x DISEÑO DE CIRCUITOS ELECTRONICOS |x SISTEMAS DE CONTROL |x METODOS DE SIMULACION |9 10072 | ||
| 700 | |a Arteaga Sáenz, Juan Manuel , 1985- |d Director de Proyecto Eléctrico |9 1198 | ||
| 942 | |c TFG |h TFG 7863 |i 012712 |6 TFG_7863_012712000000000 | ||
| 999 | |c 19088 |d 19088 | ||
